Guía de Florida Sobre Insectos, Enfermedades y Trastornos de la Nutrición en los Frutos Cítricos /

Describe gráfica y literariamente las características de las plantas y frutos cuando son atacados por los parásitos, así como los tratamientos para su control y combate por medios artificiales y naturales (hongos e insectos); también describe el tratamiento e intoxicación mineral de los suelos; fina...

Descripció completa

Guardat en:
Dades bibliogràfiques
Autor principal: Pratt, Robert M. (autor)
Format: Llibre
Idioma:espanyol
Publicat: México : Limusa, 1974
Matèries:
Etiquetes: Afegir etiqueta
Sense etiquetes, Sigues el primer a etiquetar aquest registre!

MARC

LEADER 00000nam^a2200000^a^4500
001 000022999
005 20250521000000.0
009 20260310084517.23
020 |a 968-18-0181-4 
037 |a Acervo ITESO - Biblioteca 
041 |a ESP 
082 |a 634. 3  |b PRA 
100 |a Pratt, Robert M.  |e (autor) 
245 1 0 |a Guía de Florida Sobre Insectos, Enfermedades y Trastornos de la Nutrición en los Frutos Cítricos /  |c R.M. Pratt. 
264 1 |a México :  |b Limusa,  |c 1974 
300 |a 197 p. 
336 |a texto  |b txt  |2 rdacontenido 
337 |a sin mediación  |b n  |2 rdamedio 
338 |a volumen  |b nc  |2 rdasoporte 
520 |a Describe gráfica y literariamente las características de las plantas y frutos cuando son atacados por los parásitos, así como los tratamientos para su control y combate por medios artificiales y naturales (hongos e insectos); también describe el tratamiento e intoxicación mineral de los suelos; finalmente enfermedades por virus, daños por viento, granizo y rayos, coloración artificial y congelación. 
649 |a XX 
650 |a Agricultura 
650 |a Frutas -  |x Cultivo 
650 |a Cítricos 
910 |a Fondo General 
920 |a Impresos - Libros 
930 |a Colección General 
905 |a 101 
901 |a 0229990100  |b IT1  |c ACC  |i 022999  |u 20250521 
902 |a https://opac.biblio.iteso.mx/vufind/Record/000022999